Bude Kremnica opäť zlatá?
Polemika o obnovení ťažby zlata v Kremnici. Geologický prieskum v Šturci pri Kremnici. Argumenty podporovateľov ťažby zlata oproti argumentom ochranárov, miestnych obyvateľov a podnikateľov.Obavy z použitia jedovatého kyanidu sodného. Podpora rozvoja turizmu v Kremnici.
Salvato in:
| Autore principale: | |
|---|---|
| Natura: | Capitolo di libro |
| Lingua: | slovacco |
| Soggetti: | |
| Tags: |
Nessun Tag, puoi essere il primo ad aggiungerne!!
|
MARC
| LEADER | 00000naa$a2200000$$$4500 | ||
|---|---|---|---|
| 001 | 0037733 | ||
| 005 | 20231009071514.2 | ||
| 041 | 0 | |a slo | |
| 044 | |a SK | ||
| 245 | 1 | 0 | |a Bude Kremnica opäť zlatá? |c Jozef Ryník |
| 520 | |a Polemika o obnovení ťažby zlata v Kremnici. Geologický prieskum v Šturci pri Kremnici. Argumenty podporovateľov ťažby zlata oproti argumentom ochranárov, miestnych obyvateľov a podnikateľov.Obavy z použitia jedovatého kyanidu sodného. Podpora rozvoja turizmu v Kremnici. | ||
| 610 | 2 | 0 | |a regióny |
| 610 | 2 | 0 | |a mestá |
| 610 | 2 | 0 | |a hospodárstvo regionálne |
| 610 | 2 | 0 | |a rozvoj regionálny |
| 610 | 2 | 0 | |a podnikanie |
| 610 | 2 | 0 | |a ťažba surovín |
| 610 | 2 | 0 | |a zlato |
| 610 | 2 | 0 | |a ruch cestovný |
| 100 | 1 | |a Ryník, Jozef | |